[Event "Snorlax # 29"]
[Site "SchemingMind.com"]
[Date "2009.04.06"]
[Round "-"]
[White "kwabena"]
[Black "Joe Daudish"]
[Result "0-1"]
[WhiteCountry "ENG"]
[BlackCountry "USA"]
[WhiteElo "1594"]
[WhiteRD "68"]
[BlackElo "1730"]
[BlackRD "45"]
[GameID "199302"]

1. d4 d5 2. Bf4 e6 3. e3 Bd6 4. Bxd6 Qxd6 5. a3 Nf6 6. c4 c6 7. c5 Qc7 8. Nc3 Nbd7 9. Nf3 b6 10. b4 a5
11. Bd3 axb4 12. axb4 Rxa1 13. Qxa1 O-O 14. O-O bxc5 15. bxc5 e5 16. Ba6 Bxa6 17. Qxa6 e4 18. Nd2 Rb8 19. Qa2 Ng4 20. g3 Nh6
21. Nxd5 cxd5 22. Qxd5 Nf6 23. Qc4 g6 24. d5 Rc8 25. c6 Nxd5 26. Qxd5 Qxc6 27. Qxc6 Rxc6 28. Nxe4 Kg7 29. Rd1 Ng8 30. Ra1 Rc7
31. Kg2 Nf6 32. Nd6 h5 33. Ra2 Rd7 34. Nc4 Ng4 35. h3 Nf6 36. f4 Ne8 37. Kf3 Nf6 38. Ne5 Rc7 39. Ra3 Nd5 40. g4 hxg4+
41. hxg4 f6 42. Nd3 Nb6 43. Nb4 Kf7 44. Rd3 Ke6= 45. Na6 Rc6 46. Nb4 Rc7 47. e4 Rc4 48. Na2 f5 49. e5 Nd5 50. gxf5+ gxf5
51. Rb3 Rxf4+ 52. Kg3 Kxe5 53. Rb5 Rc4 54. Nb4 Rxb4 55. Rxb4 Nxb4 56. Kf3 Nd5 57. Kf2 Ke4 58. Kg2 Ke3 59. Kf1 f4 60. Ke1 f3
61. Kf1 Nf4 62. Ke1 Nd3+ 63. Kf1 f2
0-1

[Event "Snorlax # 29"]
[Site "SchemingMind.com"]
[Date "2009.04.06"]
[Round "-"]
[White "Joe Daudish"]
[Black "kwabena"]
[Result "1-0"]
[WhiteCountry "USA"]
[BlackCountry "ENG"]
[WhiteElo "1730"]
[WhiteRD "45"]
[BlackElo "1594"]
[BlackRD "68"]
[GameID "199303"]

1. d4 d5 2. Nf3 h6 3. Bf4 Nf6 4. h3 e6 5. e3 a6 6. Bd3 c5 7. c3 Qa5 8. Nbd2 Nc6 9. O-O Be7 10. dxc5 Bxc5
11. Ne5 O-O 12. Nxc6 bxc6 13. b4 Bxb4 14. cxb4 Qxb4 15. Nf3 c5 16. Qc2 c4 17. Be2 Ne4 18. Rfb1 Qa5 19. Be5 Bd7 20. a4 f6
21. Bh2 Nc3 22. Rb7 Bxa4 23. Qd2 e5 24. Kf1 Rfb8 25. Rxb8+ Rxb8 26. Nxe5 Rb3 27. Nf3 Qb4 28. Bd1 Rb2 29. Rxa4 Rxd2 30. Rxb4 Rxd1+
31. Ne1 a5 32. Rb8+ Kf7 33. Ra8 a4 34. Bd6 Ra1 35. Bb4 Ne4 36. f3 Ng3+ 37. Kf2 Nf5 38. Bc5 Ra2+ 39. Kf1 Ng3+ 40. Kg1 Ne2+
41. Kf1 Nc3 42. Bd4 Nb5 43. Bc5 c3 44. Rb8 Na3 45. Bxa3 Rxa3 46. Ke2 Ra1 47. Nc2 Rg1 48. g4 Rh1 49. Ra8 Rh2+ 50. Kd3 Rxh3
51. f4 Rg3 52. Rxa4 Rxg4 53. Ra1 g5 54. fxg5 fxg5 55. Kxc3 h5 56. Rh1 h4 57. Nd4 Rg3 58. Kd3 h3 59. Ne2 Rg2 60. Rxh3 Kf6
61. Rf3+ Ke5 62. Nd4 g4 63. Rf1 g3 64. Ne2 Kd6 65. Rf3
1-0

[Event "Snorlax # 29"]
[Site "SchemingMind.com"]
[Date "2009.04.13"]
[Round "-"]
[White "Schaakmaatje"]
[Black "kwabena"]
[Result "1-0"]
[WhiteCountry "NED"]
[BlackCountry "ENG"]
[WhiteElo "1756"]
[WhiteRD "57"]
[BlackElo "1612"]
[BlackRD "68"]
[GameID "200120"]

1. e4 d5 2. exd5 Qxd5 3. Nc3 Qd8 4. d4 h6 5. Bc4 e6 6. a3 Nf6 7. Bf4 Bd6 8. Nge2 Bxf4 9. Nxf4 a6 10. O-O O-O
11. Nce2 Qe7 12. Ng3 c5 13. Re1 cxd4 14. Qxd4 Nc6 15. Qc3 Rd8 16. Nf5 Qc5 17. Nxh6+ Kf8 18. Nxf7 Kxf7 19. Bxe6+ Bxe6 20. Qxc5 Bd7
21. Qc4+ Kf8 22. Ng6#
1-0

[Event "Snorlax # 29"]
[Site "SchemingMind.com"]
[Date "2009.04.12"]
[Round "-"]
[White "kwabena"]
[Black "Schaakmaatje"]
[Result "0-1"]
[WhiteCountry "ENG"]
[BlackCountry "NED"]
[WhiteElo "1553"]
[WhiteRD "68"]
[BlackElo "1775"]
[BlackRD "50"]
[GameID "200122"]

1. d4 d5 2. Nc3 Nf6 3. h3 h6 4. Nf3 Bf5 5. e3 e6 6. Ne5 c6 7. a3 Bd6 8. Nf3 Nbd7 9. Bd3 Bxd3 10. Qxd3 O-O
11. Qe2 Qc7 12. O-O e5 13. dxe5 Nxe5 14. Bd2 Rae8 15. Qd1 Nxf3+ 16. Qxf3 Ne4 17. Nxe4 dxe4 18. Qe2 Re6 19. b4 Rfe8 20. c4 f5
21. Bc3 f4 22. c5 Be5 23. Bxe5 Qxe5 24. exf4 Qxf4 25. Qc4 Kh8 26. Ra2 Rf6 27. Re2 Qf5 28. Ree1 Qd5 29. Qc3 Rg6 30. f3 Qg5
31. Rf2 Qg3 32. Qd4 Rge6 33. fxe4 Qxa3 34. e5 Qg3 35. Re3 Qg5 36. Rfe2 Rd8 37. Qa1 a6 38. Re1 Rd2 39. R3e2 Rd3 40. Qb1 Rxh3
41. Rf2 Re8 42. e6 Re3 43. Ref1 Qd8 44. Rf7 R3xe6 45. Qb2 Qg5 46. Qc3 R6e7 47. R7f2 Re3 48. Qc2 Qd8 49. Rf7 R3e7 50. Qc3 Rxf7
51. Rxf7 Qd1+ 52. Rf1 Qg4 53. Rf7 h5 54. Rxb7 Rd8 55. Qc2 Rd1+ 56. Kf2 Qf4+ 57. Ke2 Qf1+ 58. Ke3 Qe1+ 59. Kf3 Qf1+ 60. Ke3 Rd8
61. Qe4 Qe1+ 62. Kf4 Rf8+ 63. Ke5 Re8+ 64. Kf5 Qxe4+ 65. Kg5 Re5#
0-1

[Event "Snorlax # 29"]
[Site "SchemingMind.com"]
[Date "2009.04.12"]
[Round "-"]
[White "Joe Daudish"]
[Black "Schaakmaatje"]
[Result "0-1"]
[WhiteCountry "USA"]
[BlackCountry "NED"]
[WhiteElo "1730"]
[WhiteRD "45"]
[BlackElo "1755"]
[BlackRD "49"]
[GameID "200123"]

1. d4 d5 2. Nf3 Nf6 3. Bf4 e6 4. h3 Bd6 5. Bxd6 Qxd6 6. c3 O-O 7. e3 c5 8. Be2 Bd7 9. Nbd2 Nc6 10. O-O Rac8
11. Re1 a6 12. dxc5 Qxc5 13. Nb3 Qa7 14. Nbd4 Rfe8 15. Nxc6 Bxc6 16. Ne5 Ne4 17. Bf3 Nd6 18. Nxc6 bxc6 19. Qd4 c5 20. Qd3 Nc4
21. b3 Ne5 22. Qe2 c4 23. Rec1 Qe7 24. e4 Nxf3+ 25. Qxf3 cxb3 26. axb3 dxe4 27. Qxe4 Qd6 28. b4 Rc7 29. Ra3 Rec8 30. Qe2 Rc6
31. Rca1 Rxc3 32. Rxc3 Rxc3 33. g3 h6 34. Rxa6 Rc1+ 35. Kg2 Qxb4 36. Ra8+ Kh7 37. Qd3+ g6 38. Ra3 Qe1 39. Kf3 Rd1 40. Qe3 Qh1+
41. Kg4 f5+ 42. Kf4 g5+ 43. Ke5 Re1 44. Kf6 Rxe3 45. Ra7+ Kg8 46. fxe3 Qc6 47. h4 e5+ 48. Kxf5 Qf3+ 49. Kg6 gxh4 50. gxh4 Qg4+
51. Kxh6 Qxh4+ 52. Kg6 Qe4+ 53. Kf6 Qd5 54. Rg7+ Kf8 55. Rh7 Ke8 56. Re7+ Kd8 57. Rxe5 Qf3+ 58. Ke6 Kc7 59. Ke7 Kc6 60. Ke6 Qg4+
61. Rf5 Qe4+ 62. Re5 Qg6+
0-1

[Event "Snorlax # 29"]
[Site "SchemingMind.com"]
[Date "2009.04.25"]
[Round "-"]
[White "klesley"]
[Black "kwabena"]
[Result "1-0"]
[WhiteCountry "USA"]
[BlackCountry "ENG"]
[WhiteElo "1804"]
[WhiteRD "85"]
[BlackElo "1553"]
[BlackRD "68"]
[GameID "201922"]

1. d4 d5 2. c4 dxc4 3. Nf3 a6 4. e3 b5 5. a4 c6 6. axb5 cxb5 7. b3 cxb3 8. Bxb5+ Nd7 9. Qxb3 e6 10. Qc4 Bb7
11. Bxa6 Bxf3 12. gxf3 Ngf6 13. Bb2 Qb6 14. Qb5 Rxa6 15. Qxa6 Qxb2 16. O-O Be7 17. Ra2 Qb6 18. Rc1 Qxa6 19. Rxa6 O-O 20. Rc7 Rb8
21. Nc3 g6 22. Ne4 Bb4 23. Nxf6+ Nxf6 24. Raa7 Rf8 25. Kg2 Nd5 26. Rcb7 Bd2 27. h4 Nf6 28. Rb5 Nd5 29. e4 Nf4+ 30. Kf1 Bc3
31. Rd7 f5 32. Rb3 Rc8 33. Kg1 Bxd4 34. Rb1 Bf6 35. Rbb7 h5 36. Rb4 Kf8 37. exf5 Nd5 38. Rbb7 exf5 39. Rxd5 Bxh4 40. Rd6 Rc1+
41. Kg2 Rc2 42. Kh3 Bxf2 43. Rd8#
1-0

[Event "Snorlax # 29"]
[Site "SchemingMind.com"]
[Date "2009.04.25"]
[Round "-"]
[White "klesley"]
[Black "Schaakmaatje"]
[Result "1/2-1/2"]
[WhiteCountry "USA"]
[BlackCountry "NED"]
[WhiteElo "1807"]
[WhiteRD "87"]
[BlackElo "1769"]
[BlackRD "51"]
[GameID "201923"]

1. d4 Nf6 2. c4 d6 3. Nc3 g6 4. Nf3 Bg7 5. Bg5 Nbd7 6. e4 O-O 7. Be2 c6 8. e5 Ne8 9. O-O dxe5 10. dxe5 Nc7
11. Bf4 Ne6 12. g3 Qc7 13. Re1 Nxe5 14. Nxe5 Bxe5 15. Bxe5 Qxe5 16. Bf3 Qc7 17. Qc2 Nd4 18. Qe4 Nxf3+ 19. Qxf3 b6 20. Qe3 Be6
21. b3 Rad8 22. Ne2 Rfe8 23. Nf4 Bf5 24. Rad1 Rxd1 25. Rxd1 Rd8 26. Qf3 Rxd1+ 27. Qxd1 e5 28. Ng2 Qd7 29. Ne3 Qxd1+ 30. Nxd1 Bd3
31. Nc3 f5 32. f3 Kf7 33. Kf2 b5 34. cxb5 cxb5 35. Ke3 Bf1 36. g4 b4 37. Nd5 a5 38. Nb6 Bb5 39. Nd5 Bd7 40. Nb6 Be6
41. Kd3 fxg4 42. fxg4 Bxg4 43. Nc4 Bf5+ 44. Kd2 Ke6 45. Nxa5 Kd5 46. Nc4 Kd4 47. a3 bxa3 48. Nxa3 g5 49. b4 h5 50. b5 Kc5
51. Ke3 Kb4 52. b6 Bc8 53. Nc2+ Kc3 54. Ne1 Bb7 55. Nf3 Kb4 56. Nxg5 Kb5 57. Nf7 Kxb6= 58. Nxe5 h4 59. Nf3 h3 60. Kf4 Kc5
61. Ng5 Kd6 62. Nxh3 Ke6 63. Kg5 Kf7 64. Nf4 Be4 65. h4 Kg7 66. h5 Bb1 67. Ng6 Bxg6= 68. hxg6 Kg8 69. Kh6=
1/2-1/2

[Event "Snorlax # 29"]
[Site "SchemingMind.com"]
[Date "2009.04.25"]
[Round "-"]
[White "klesley"]
[Black "Joe Daudish"]
[Result "1-0"]
[WhiteCountry "USA"]
[BlackCountry "USA"]
[WhiteElo "1804"]
[WhiteRD "85"]
[BlackElo "1680"]
[BlackRD "52"]
[GameID "201924"]

1. d4 d5 2. c4 e6 3. Nc3 Nf6 4. cxd5 Nxd5 5. e4 Nxc3 6. bxc3 Be7 7. Nf3 c5 8. Bb5+ Bd7 9. Qa4 Bxb5 10. Qxb5+ Qd7
11. Qxd7+ Nxd7 12. Ba3 b6 13. O-O cxd4 14. Bxe7 Kxe7 15. cxd4 Rhc8 16. Rfc1 b5 17. h3 Nb6 18. Ne5 f6 19. Nd3 Rxc1+ 20. Rxc1 Rc8
21. Nc5 Nd7 22. f4 Nxc5 23. dxc5 Kd7 24. Kf2 Kc6 25. a3 Rd8 26. Ke3 a5 27. g4 g6 28. h4 b4 29. axb4 axb4 30. Rc4 Rb8
31. Rc1 b3 32. h5 b2 33. Rb1 Kxc5 34. Kd3 Rb4 35. hxg6 hxg6 36. f5 exf5 37. exf5 Rxg4 38. fxg6 Rxg6 39. Rxb2 Kd5 40. Rb5+ Ke6
41. Rb6+ Ke5 42. Rb5+ Kf4 43. Rb4+ Kf3 44. Rb6 Rh6 45. Kd4 Rh4+ 46. Kd5 f5 47. Ke5 f4 48. Rb3+ Kg2 49. Rb2+ Kg3 50. Ke4 f3+
51. Ke3 Rh8 52. Rb7 Re8+ 53. Kd2 Kg2 54. Rg7+ Kf1 55. Rf7 f2 56. Ra7
1-0

[Event "Snorlax # 29"]
[Site "SchemingMind.com"]
[Date "2009.04.25"]
[Round "-"]
[White "kwabena"]
[Black "klesley"]
[Result "0-1"]
[WhiteCountry "ENG"]
[BlackCountry "USA"]
[WhiteElo "1594"]
[WhiteRD "68"]
[BlackElo "1810"]
[BlackRD "89"]
[GameID "201925"]

1. d4 Nf6 2. Bg5 Ne4 3. Bf4 g5 4. Be3 e6 5. Nf3 g4 6. Ne5 d6 7. Nc4 b5 8. Ncd2 Bb7 9. h3 gxh3 10. Rxh3 Nd7
11. Bf4 Bg7 12. e3 a6 13. Nf3 c5 14. c3 Qb6 15. Bd3 h6 16. Nbd2 Nxd2 17. Qxd2 O-O-O 18. a3 e5 19. dxe5 dxe5 20. Nxe5 Bxe5
21. Rxh6 Rxh6 22. Bxh6 Qxh6 23. Qe2 Qh1+ 24. Qf1 Bxg2 25. Qxh1 Bxh1 26. Ke2 Rh8 27. Bf5 Kc7 28. f3 c4 29. Kf2 Rh2+ 30. Kg1 Bxf3
0-1

[Event "Snorlax # 29"]
[Site "SchemingMind.com"]
[Date "2009.04.25"]
[Round "-"]
[White "Schaakmaatje"]
[Black "klesley"]
[Result "0-1"]
[WhiteCountry "NED"]
[BlackCountry "USA"]
[WhiteElo "1755"]
[WhiteRD "49"]
[BlackElo "1810"]
[BlackRD "89"]
[GameID "201926"]

1. d4 Nf6 2. Bg5 Ne4 3. Bh4 g5 4. f3 d5 5. fxe4 gxh4 6. exd5 Qxd5 7. Nc3 Qa5 8. e4 Bg7 9. Nf3 Bg4 10. Qd2 Bxf3
11. gxf3 Nc6 12. d5 Nd4 13. Be2 O-O-O 14. a3 Nxe2 15. Kxe2 Qa6+ 16. Qd3 Qxd3+ 17. cxd3 a6 18. Rac1 Bd4 19. Nd1 Rhg8 20. Rc4 e5
21. b3 Rg2+ 22. Kf1 h3 23. f4 f6 24. Nc3 Kd7 25. Ne2 Bb2 26. a4 a5 27. d4 Rb8 28. dxe5 fxe5 29. Rc2 exf4 30. Rxb2 f3
31. Rc2 fxe2+ 32. Rxe2 Rf8+ 33. Ke1 Rfg8 34. Rf1 Kd6 35. Rf3 Rxe2+ 36. Kxe2 Rg2+ 37. Rf2 Ke5
0-1

[Event "Snorlax # 29"]
[Site "SchemingMind.com"]
[Date "2009.04.25"]
[Round "-"]
[White "Joe Daudish"]
[Black "klesley"]
[Result "1-0"]
[WhiteCountry "USA"]
[BlackCountry "USA"]
[WhiteElo "1730"]
[WhiteRD "45"]
[BlackElo "1810"]
[BlackRD "89"]
[GameID "201927"]

1. d4 Nf6 2. Nf3 e6 3. Bf4 c5 4. e3 b6 5. Be2 Nc6 6. h3 Nd5 7. Bg3 d6 8. c3 a6 9. O-O Be7 10. Nbd2 b5
11. a3 O-O 12. dxc5 dxc5 13. Re1 Bf6 14. Nb3 c4 15. Nbd4 Nxd4 16. Nxd4 Bb7 17. Bf3 Qd7 18. e4 Nb6 19. e5 Bxf3 20. Qxf3 Be7
21. Rad1 Nd5 22. Qg4 g6 23. h4 h5 24. Qe4 Kg7 25. Nf3 Rfc8 26. Nd4 a5 27. Nc2 b4 28. cxb4 axb4 29. Nxb4 Bxb4 30. axb4 Rab8
31. Qd4 Rxb4 32. Bf4 Rxb2 33. Qxb2 c3 34. Qc1 Qa4 35. Bg5 c2 36. Rxd5 exd5 37. Qb2 d4 38. g3 Qd7 39. Rc1 Qd5 40. Bf6+ Kg8
41. Rxc2 Rxc2 42. Qb8+
1-0

[Event "Snorlax # 29"]
[Site "SchemingMind.com"]
[Date "2009.05.01"]
[Round "-"]
[White "Zugzwang"]
[Black "klesley"]
[Result "0-1"]
[WhiteCountry "CAN"]
[BlackCountry "USA"]
[WhiteElo "1482"]
[WhiteRD "58"]
[BlackElo "1810"]
[BlackRD "89"]
[GameID "202643"]

1. d4 Nf6 2. Nf3 g6 3. e3 Bg7 4. b3 d5 5. Bb2 O-O 6. c4 Bg4 7. Nbd2 Ne4 8. Be2 Nxd2 9. Nxd2 Bxe2 10. Qxe2 Nc6
11. O-O e6 12. Rac1 a5 13. e4 Nxd4 14. Bxd4 Bxd4 15. Rfd1 c5 16. Nf3 Qb6 17. Nxd4 cxd4 18. Kh1 dxc4 19. Rxc4 e5 20. Rdc1 Rad8
21. Qd3 f5 22. Rc7 fxe4 23. Qh3 h5 24. Qg3 Rf5 25. R1c5 d3 26. Rc8 Rxc8 27. Rxc8+ Kf7 28. Qe3 Qxe3
0-1

[Event "Snorlax # 29"]
[Site "SchemingMind.com"]
[Date "2009.05.01"]
[Round "-"]
[White "Zugzwang"]
[Black "kwabena"]
[Result "1-0"]
[WhiteCountry "CAN"]
[BlackCountry "ENG"]
[WhiteElo "1482"]
[WhiteRD "58"]
[BlackElo "1594"]
[BlackRD "68"]
[GameID "202644"]

1. d4 d5 2. Nf3 e6 3. e3 Nf6 4. Bd3 h6 5. O-O Bd6 6. Nbd2 c5 7. c3 c4 8. Bc2 O-O 9. Qe2 b5 10. e4 Bc7
11. e5 Nfd7 12. Re1 Nc6 13. Nf1 b4 14. Ng3 Rb8 15. Nh5 Bb7 16. Bxh6 gxh6 17. Qe3 f6 18. Qxh6 Rf7 19. Re3 fxe5 20. Nxe5 Ncxe5
21. Rg3+
1-0

[Event "Snorlax # 29"]
[Site "SchemingMind.com"]
[Date "2009.05.03"]
[Round "-"]
[White "Zugzwang"]
[Black "Schaakmaatje"]
[Result "0-1"]
[WhiteCountry "CAN"]
[BlackCountry "NED"]
[WhiteElo "1482"]
[WhiteRD "58"]
[BlackElo "1755"]
[BlackRD "49"]
[GameID "202645"]

1. d4 Nf6 2. Nf3 g6 3. e3 d6 4. b3 Bg7 5. Bb2 O-O 6. Be2 Nbd7 7. O-O c6 8. c4 d5 9. Nc3 Re8 10. Re1 e5
11. dxe5 Nxe5 12. Nxe5 Rxe5 13. Na4 Re8 14. Nc3 Be6 15. f4 Qb6 16. Bd3 dxc4 17. Bxc4 Bxc4 18. bxc4 Qxb2 19. Na4 Qa3 20. Rb1 b6
21. Re2 Ne4 22. Qc2 Rad8 23. Nxb6 axb6 24. Rxb6 Qc5 25. Qb3 Nd2 26. Qa4 Qxb6
0-1

[Event "Snorlax # 29"]
[Site "SchemingMind.com"]
[Date "2009.05.01"]
[Round "-"]
[White "Zugzwang"]
[Black "Joe Daudish"]
[Result "0-1"]
[WhiteCountry "CAN"]
[BlackCountry "USA"]
[WhiteElo "1482"]
[WhiteRD "58"]
[BlackElo "1730"]
[BlackRD "45"]
[GameID "202646"]

1. d4 d5 2. Nf3 e6 3. e3 Ne7 4. Bd3 Ng6 5. O-O c5 6. c3 Be7 7. Nbd2 Nc6 8. Qe2 Bd7 9. e4 dxe4 10. Nxe4 cxd4
11. cxd4 O-O 12. Bd2 a6 13. Rac1 Nb4 14. Bxb4 Bxb4 15. Rc4 Be7 16. Rfc1 Nf4 17. Qc2 Nxd3 18. Qxd3 Bb5 19. Qc3 Bxc4 20. Qxc4 b5
21. Qb3 Rc8 22. Rxc8 Qxc8 23. g3 Rd8 24. Qe3 Qc7 25. Neg5 Bxg5 26. Nxg5 h6 27. Nf3 Qc4 28. b3 Qd5 29. h4 Rc8 30. Kh2 Rc2
31. a3 a5 32. Qd3 Qc6 33. Ne5 Rc3 34. Nxc6 Rxd3 35. Nxa5 Rxd4 36. Nc6 Rd2 37. Kg2 Ra2 38. Nd4 Rxa3 39. Nxb5 Rxb3 40. Nd4 Ra3
41. f4 Kf8 42. Nb5 Rd3 43. g4 Ke7 44. Kf2 Kd7 45. Ke2 Rh3 46. h5 Rg3
0-1

[Event "Snorlax # 29"]
[Site "SchemingMind.com"]
[Date "2009.05.01"]
[Round "-"]
[White "klesley"]
[Black "Zugzwang"]
[Result "1-0"]
[WhiteCountry "USA"]
[BlackCountry "CAN"]
[WhiteElo "1804"]
[WhiteRD "85"]
[BlackElo "1474"]
[BlackRD "59"]
[GameID "202647"]

1. d4 f5 2. c4 Nf6 3. Nc3 e6 4. Nf3 Bb4 5. Bg5 O-O 6. e3 c6 7. a3 Bxc3+ 8. bxc3 d5 9. c5 Bd7 10. Qb3 Be8
11. Be2 Bh5 12. Qxb7 Nbd7 13. Qxc6 Qe8 14. Bb5 Rd8 15. Ne5 Nxe5 16. Qxe8 Bxe8 17. Bxe8 Rdxe8 18. dxe5 Ne4 19. h4 Nxc3 20. Rc1 Nb5
21. a4 Nc7 22. O-O Rb8 23. Be7 Rfe8 24. Bd6 Rbc8 25. Rb1 a5 26. Rb7 Na8 27. Rfb1 Kh8 28. R1b5 Rg8 29. Rxa5 g5 30. Raa7
1-0

[Event "Snorlax # 29"]
[Site "SchemingMind.com"]
[Date "2009.05.01"]
[Round "-"]
[White "kwabena"]
[Black "Zugzwang"]
[Result "1-0"]
[WhiteCountry "ENG"]
[BlackCountry "CAN"]
[WhiteElo "1594"]
[WhiteRD "68"]
[BlackElo "1482"]
[BlackRD "58"]
[GameID "202648"]

1. d4 f5 2. e3 Nf6 3. Nf3 e6 4. a3 c6 5. Bd3 d5 6. c4 Bd6 7. c5 Bc7 8. O-O O-O 9. b4 Bd7 10. Nc3 Be8
11. Qc2 Bh5 12. Ng5 Ng4 13. Nf3 Nd7 14. h3 Nh6 15. Nd2 Rf6 16. f3 Bg3 17. e4 Rg6 18. exf5 Nxf5 19. Bxf5 exf5 20. Qxf5 Nf6
21. Ne2 Qc7 22. Nb1 Bh2+ 23. Kh1 Bg3 24. Bf4 Bxf4 25. Nxf4 Rh6 26. Nc3 Rf8 27. Ne6 Qg3 28. Nxf8 Kxf8 29. Qc8+ Ne8 30. Qxb7 Rg6
31. Ra2 h6 32. Qxa7 Kg8 33. Qd7 Nf6 34. Qxc6 Ng4 35. Qxd5+ Kh7 36. fxg4
1-0

[Event "Snorlax # 29"]
[Site "SchemingMind.com"]
[Date "2009.05.03"]
[Round "-"]
[White "Schaakmaatje"]
[Black "Zugzwang"]
[Result "1-0"]
[WhiteCountry "NED"]
[BlackCountry "CAN"]
[WhiteElo "1755"]
[WhiteRD "49"]
[BlackElo "1482"]
[BlackRD "58"]
[GameID "202649"]

1. e4 e5 2. f4 exf4 3. Nf3 g5 4. Bc4 g4 5. Ne5 Qh4+ 6. Kf1 Bc5 7. d4 Nf6 8. Nc3 g3 9. dxc5 Ng4 10. Qxg4 Qxg4
11. Nxg4 d6 12. Nf6+ Kd8 13. Bxf4 Nc6 14. Bxg3 Be6 15. Bxe6 fxe6 16. cxd6 cxd6 17. Bxd6 Nd4 18. Rc1 h5 19. Kf2 a5 20. Rhd1 Rh6
21. Be5
1-0

[Event "Snorlax # 29"]
[Site "SchemingMind.com"]
[Date "2009.05.01"]
[Round "-"]
[White "Joe Daudish"]
[Black "Zugzwang"]
[Result "1-0"]
[WhiteCountry "USA"]
[BlackCountry "CAN"]
[WhiteElo "1730"]
[WhiteRD "45"]
[BlackElo "1482"]
[BlackRD "58"]
[GameID "202650"]

1. d4 f5 2. Nf3 Nf6 3. Bf4 e6 4. h3 c6 5. e3 d5 6. Be2 Bb4+ 7. c3 Ba5 8. O-O O-O 9. Nbd2 Bd7 10. Ne5 b5
11. Nxd7 Nbxd7 12. b4 Bb6 13. a4 a5 14. bxa5 Bxa5 15. axb5 Bxc3 16. Rxa8 Qxa8 17. bxc6 Qxc6 18. Nf3 Rc8 19. Ne5 Nxe5 20. Bxe5 Ne4
21. Bd3 Nd2 22. Re1 Rf8 23. Re2 Ne4 24. Bxe4 fxe4 25. Rc2 Qc4 26. Qg4 Kf7 27. Qxg7+ Ke8 28. Qxh7 Qd3 29. Qh5+ Rf7 30. Rc1 Ke7
31. Qd1 Bd2 32. Rc7+ Ke8 33. Qa4+
1-0

[Event "Snorlax # 29"]
[Site "SchemingMind.com"]
[Date "2009.05.01"]
[Round "-"]
[White "An old friend"]
[Black "Zugzwang"]
[Result "1-0"]
[WhiteCountry "ENG"]
[BlackCountry "CAN"]
[WhiteElo "1876"]
[WhiteRD "85"]
[BlackElo "1482"]
[BlackRD "58"]
[GameID "202792"]

1. e4 e5 2. f4 exf4 3. Nf3 g5 4. Bc4 g4 5. O-O gxf3 6. Qxf3 Qf6 7. e5 Qxe5 8. Bxf7+ Kxf7 9. d4 Qxd4+ 10. Be3 Qf6
11. Bxf4 Ne7 12. Nc3 Nf5 13. Be5 Qxe5 14. Qh5+ Kf6 15. Rxf5+ Qxf5 16. Nd5+ Qxd5 17. Qxd5 c6 18. Rf1+ Kg6 19. Qf7+
1-0

[Event "Snorlax # 29"]
[Site "SchemingMind.com"]
[Date "2009.05.01"]
[Round "-"]
[White "An old friend"]
[Black "klesley"]
[Result "1-0"]
[WhiteCountry "ENG"]
[BlackCountry "USA"]
[WhiteElo "1876"]
[WhiteRD "85"]
[BlackElo "1810"]
[BlackRD "89"]
[GameID "202793"]

1. e4 c5 2. d4 cxd4 3. c3 dxc3 4. Nxc3 Nc6 5. Nf3 d6 6. Bc4 Nf6 7. e5 dxe5 8. Qxd8+ Kxd8 9. Ng5 Na5 10. Nxf7+ Kc7
11. Nb5+ Kc6 12. Nxe5+ Kc5 13. Be3+ Kb4 14. a3+
1-0

[Event "Snorlax # 29"]
[Site "SchemingMind.com"]
[Date "2009.05.01"]
[Round "-"]
[White "An old friend"]
[Black "kwabena"]
[Result "1-0"]
[WhiteCountry "ENG"]
[BlackCountry "ENG"]
[WhiteElo "1876"]
[WhiteRD "85"]
[BlackElo "1594"]
[BlackRD "68"]
[GameID "202794"]

1. e4 d5 2. exd5 Qxd5 3. Nc3 Qa5 4. d4 e6 5. Nf3 Nf6 6. Bd2 Qb6 7. Bc4 a6 8. Rb1 Qa7 9. O-O c5 10. d5 b5
11. Be2 exd5 12. Re1 Be7 13. Bf4 Nc6 14. Nxd5 Nxd5 15. Qxd5 Bb7 16. Ne5 Nxe5 17. Qxe5 f6 18. Bxb5+ Kf8 19. Qxe7+ Kg8 20. Bc4+
1-0

[Event "Snorlax # 29"]
[Site "SchemingMind.com"]
[Date "2009.05.03"]
[Round "-"]
[White "An old friend"]
[Black "Schaakmaatje"]
[Result "1-0"]
[WhiteCountry "ENG"]
[BlackCountry "NED"]
[WhiteElo "1876"]
[WhiteRD "85"]
[BlackElo "1755"]
[BlackRD "49"]
[GameID "202795"]

1. e4 c6 2. d4 d5 3. e5 Bf5 4. Nc3 e6 5. g4 Bg6 6. Nge2 c5 7. h4 cxd4 8. Nxd4 h5 9. Bb5+ Nd7 10. f4 hxg4
11. f5 Bxf5 12. Nxf5 exf5 13. Qxd5 Rb8 14. Bg5 Qc7 15. O-O-O
1-0

[Event "Snorlax # 29"]
[Site "SchemingMind.com"]
[Date "2009.05.01"]
[Round "-"]
[White "Zugzwang"]
[Black "An old friend"]
[Result "0-1"]
[WhiteCountry "CAN"]
[BlackCountry "ENG"]
[WhiteElo "1482"]
[WhiteRD "58"]
[BlackElo "1876"]
[BlackRD "85"]
[GameID "202797"]

1. d4 Nf6 2. Nf3 g6 3. e3 Bg7 4. Be2 d5 5. b3 c5 6. Bb2 cxd4 7. exd4 Nc6 8. O-O O-O 9. Nc3 Bf5 10. Re1 a6
11. Na4 Qc7 12. h3 Nb4 13. c4 Nc2 14. g4 Be4 15. Ng5 Nxa1 16. Bxa1 h6
0-1

[Event "Snorlax # 29"]
[Site "SchemingMind.com"]
[Date "2009.05.01"]
[Round "-"]
[White "klesley"]
[Black "An old friend"]
[Result "1/2-1/2"]
[WhiteCountry "USA"]
[BlackCountry "ENG"]
[WhiteElo "1807"]
[WhiteRD "87"]
[BlackElo "1887"]
[BlackRD "91"]
[GameID "202798"]

1. d4 Nf6 2. c4 c5 3. e3 g6 4. Nc3 cxd4 5. exd4 Bg7 6. Nf3 O-O 7. Be2 d5 8. c5 b6 9. b4 a5 10. bxa5 bxc5
11. Be3 c4 12. O-O Qxa5 13. Qc2 Bf5 14. Qb2 Nbd7 15. Bf4 Nh5 16. Bd2 Rab8 17. Qc1 Nhf6 18. Ne4 Qb6 19. Nc3 Be4 20. Be3 Bxf3
21. Bxf3 e6 22. a4 Ne8 23. Nb5 Nc7 24. Bf4 Nxb5 25. Bxb8 Nxd4 26. Rb1 Nxf3+ 27. gxf3 Qa6 28. Bf4 Qxa4 29. Re1 Nc5 30. Qe3 Nd3
31. Re2 Nxf4 32. Qxf4 Rc8 33. h4 Qa7 34. Rc2 Qd4 35. Qxd4 Bxd4 36. Kg2 Ra8 37. Kg3 Ra1 38. Rb4 Rh1 39. f4 Bf6 40. Rb7 Bxh4+
41. Kf3 Ra1 42. Rcb2 Bf6 43. Rb8+ Kg7 44. R2b7 c3 45. Rc8 d4 46. Rcc7 Kf8 47. Rxf7+ Ke8 48. Rxh7 c2 49. Rb8+ Bd8 50. Rh8+ Ke7
51. Rb7+ Kd6 52. Rxd8+ Kc6 53. Rbb8 c1=Q 54. Rbc8+ Kb7= 55. Rxc1 Rxc1 56. Rxd4 Kc6 57. Kg2 Rc5 58. Rd8 Rf5 59. Rg8 Rf6 60. Kg3 Kd6
61. Kg4 Ke7 62. f3 Kf7 63. Ra8 Ke7 64. Ra7+ Kd6 65. Ra4 Rf5=
1/2-1/2

[Event "Snorlax # 29"]
[Site "SchemingMind.com"]
[Date "2009.05.01"]
[Round "-"]
[White "kwabena"]
[Black "An old friend"]
[Result "0-1"]
[WhiteCountry "ENG"]
[BlackCountry "ENG"]
[WhiteElo "1594"]
[WhiteRD "68"]
[BlackElo "1876"]
[BlackRD "85"]
[GameID "202799"]

1. d4 Nf6 2. Nf3 g6 3. e3 Bg7 4. c4 c5 5. dxc5 Qa5+ 6. Nc3 Qxc5 7. Bd2 Nc6 8. Rb1 d6 9. a3 Bg4 10. Be2 Rb8
11. b4 Qf5 12. h3 Bxf3 13. Bxf3 Ne5 14. Be2 Nd3+ 15. Bxd3 Qxd3 16. Qc2 Qxc2 17. O-O Qxd2 18. Nb5 O-O 19. Nxa7 Ne4 20. Nb5 Qe2
21. Rbc1 Bb2 22. Rb1 Qxc4 23. Nxd6 Nxd6 24. Rxb2 Ra8 25. Ra1 Qc3 26. Rba2 Nc4 27. a4 Qxb4
0-1

[Event "Snorlax # 29"]
[Site "SchemingMind.com"]
[Date "2009.05.03"]
[Round "-"]
[White "Schaakmaatje"]
[Black "An old friend"]
[Result "1/2-1/2"]
[WhiteCountry "NED"]
[BlackCountry "ENG"]
[WhiteElo "1755"]
[WhiteRD "49"]
[BlackElo "1876"]
[BlackRD "85"]
[GameID "202800"]

1. d4 Nf6 2. Bg5 Ne4 3. Bh4 g5 4. f3 gxh4 5. fxe4 c5 6. e3 Bh6 7. Kf2 cxd4 8. Qxd4 O-O 9. Nf3 d6 10. Nc3 Nc6
11. Qd2 Ne5 12. Nxe5 dxe5 13. Qxd8 Rxd8 14. Rd1 Rxd1 15. Nxd1 Be6 16. b3 Rc8 17. Bd3 b5 18. Ke2 a5 19. Kd2 b4 20. h3 f6=
1/2-1/2